NBA Top Rebounds Per Team 2010s - Statistics

General Stats
  • This quiz has been taken 307 times
  • The average score is 65 of 111
Answer Stats
Team Player % Correct
76ers Joel Embiid
97%
Bucks Giannis Antetokounmpo
94%
Heat, Lakers LeBron James
94%
Spurs Tim Duncan
94%
Pelicans Anthony Davis
92%
Raptors, Nets Ed Davis
92%
Nuggets Nikola Jokic
92%
Nets Brook Lopez
90%
Clippers, Mavericks DeAndre Jordan
90%
Kings, Pelicans, Warriors DeMarcus Cousins
90%
Magic, Lakers, Rockets, Hawks, Hornets Dwight Howard
90%
Grizzlies Marc Gasol
90%
Lakers, Bulls, Spurs Pau Gasol
90%
Raptors, Heat Chris Bosh
89%
Timberwolves Karl-Anthony Towns
89%
Timberwolves, Cavaliers Kevin Love
89%
Hawks, Celtics Al Horford
88%
Pistons Andre Drummond
88%
Warriors Draymond Green
88%
Grizzlies JaMychal Green
88%
Celtics, Nets Kevin Garnett
88%
Thunder, Warriors Kevin Durant
87%
Trail Blazers, Spurs LaMarcus Aldridge
87%
Jazz Rudy Gobert
87%
Thunder Russell Westbrook
87%
Clippers Blake Griffin
85%
Rockets Clint Capela
85%
Mavericks Dirk Nowitzki
85%
Bulls, Knicks Joakim Noah
84%
Magic Nikola Vucevic
84%
Thunder, Raptors Serge Ibaka
81%
Grizzlies Zach Randolph
80%
Heat Hassan Whiteside
79%
Kings Jason Thompson
79%
Raptors Jonas Valanciunas
79%
Cavaliers Tristan Thompson
79%
Pacers Domantas Sabonis
77%
Knicks, Mavericks, Suns Tyson Chandler
77%
Trail Blazers Jusuf Nurkic
76%
Suns, Knicks Amar'e Stoudemire
75%
Pacers Myles Turner
75%
Suns Deandre Ayton
73%
Hawks Paul Millsap
72%
Nuggets, Knicks Carmelo Anthony
71%
Suns, Wizards Marcin Gortat
70%
Pacers Roy Hibbert
70%
Bucks, Warriors Andrew Bogut
69%
Jazz, Hornets Al Jefferson
65%
Nets Rondae Hollis-Jefferson
65%
Celtics Kendrick Perkins
64%
Raptors Amir Johnson
63%
Pistons Ben Wallace
63%
Hornets Gerald Wallace
63%
Lakers Julius Randle
63%
Lakers Andrew Bynum
62%
Pelicans, Wizards Emeka Okafor
62%
Hawks Josh Smith
61%
Hawks John Collins
60%
Rockets James Harden
59%
Knicks, Warriors David Lee
56%
Hornets Cody Zeller
55%
Jazz Carlos Boozer
54%
Wizards Thomas Bryant
54%
Wizards JaVale McGee
52%
Pistons, Bucks Greg Monroe
50%
Bulls Lauri Markkanen
50%
Heat Udonis Haslem
50%
Knicks Enes Kanter
48%
Nuggets Kenneth Faried
48%
Jazz Derrick Favors
47%
Trail Blazers Mason Plumlee
47%
Suns Miles Plumlee
47%
Suns Alex Len
45%
Bucks, Mavericks Zaza Pachulia
45%
76ers Nerlens Noel
44%
Mavericks Shawn Marion
44%
Bulls Taj Gibson
42%
Nets, 76ers Thaddeus Young
42%
Cavaliers Anderson Varejao
41%
Timberwolves Gorgui Dieng
40%
Hornets Bismack Biyombo
39%
76ers Elton Brand
39%
Kings, Pelicans Willie Cauley-Stein
38%
Clippers, Trail Blazers Marcus Camby
35%
Clippers Tobias Harris
35%
Lakers Jordan Hill
34%
Timberwolves Nikola Pekovic
32%
Bucks John Henson
30%
Nuggets Kenyon Martin
30%
Mavericks Harrison Barnes
29%
Bucks Larry Sanders
29%
Bucks Ersan Ilyasova
28%
Rockets Luis Scola
28%
76ers, Rockets, Mavericks Samuel Dalembert
28%
Celtics Jared Sullinger
27%
Pelicans Chris Kaman
25%
Hawks Dewayne Dedmon
24%
Hornets Michael Kidd-Gilchrist
22%
Raptors, Nets Reggie Evans
22%
76ers Spencer Hawes
21%
Nets Trevor Booker
21%
Warriors Andris Biedrins
20%
Wizards Brendan Haywood
20%
Pacers Lance Stephenson
20%
Rockets Omer Asik
20%
Nets Kris Humphries
18%
Pacers Ian Mahinmi
16%
Nuggets | Trail Blazers J.J. Hickson
14%
Wizards Andray Blatche
10%
Pacers Troy Murphy
10%
No matching quizzes found
Score Distribution
Percent of People with Each Score
Percentile by Number Answered
Your Score History
You have not taken this quiz